| 000 | 00688nam a2200241Ia 4500 | ||
|---|---|---|---|
| 003 | OSt | ||
| 005 | 20221005130904.0 | ||
| 006 | a|||||r|||| 00| 0 | ||
| 007 | ta | ||
| 008 | 221004b |||||||| |||| 00| 0 ben d | ||
| 020 | _c110 | ||
| 024 | _a27345 | ||
| 037 |
_b19, 14/03/2009, Mukta Dhara _cTextual |
||
| 040 |
_aCRL _cCRL _bben |
||
| 041 |
_2ben _aben |
||
| 082 | _aY:351.275, 157N6 | ||
| 100 |
_aBhowmik Suhrid Kr. Tr. _9638803 |
||
| 245 | 0 | _aSantali Gan O kabita sankalan | |
| 260 | _c1996 | ||
| 650 | _aMODERN EUROPEAN LANGUAGES | ||
| 942 |
_hY:351.275, 157N6 _cTEXL _2cc |
||
| 999 |
_c1058693 _d1058693 |
||